书目信息 |
| 题名: |
现代项目管理教程
|
|
| 作者: | 许成绩 著 | |
| 分册: | ||
| 出版信息: | 北京 宇航出版社 2003 |
|
| 页数: | 526页 | |
| 开本: | 29cm | |
| 丛书名: | ||
| 单 册: | ||
| 中图分类: | F224.5 | |
| 科图分类: | ||
| 主题词: | 项目管理--教材 | |
| 电子资源: | ||
| ISBN: | 7-80144-580-5 | |
| 000 | 00614nam0 2200205 45 | |
| 001 | 0402031777 | |
| 005 | 20040203172215.9 | |
| 010 | @a7-80144-580-5@dCNY72.00 | |
| 100 | @a20040203d2003 km y0chiy0120 ea | |
| 101 | 0 | @achi |
| 105 | @a z 000yy | |
| 200 | 1 | @a现代项目管理教程@AXian Dai Xiang Mu Guan Li Jiao Cheng@f许成绩等著@FXu Cheng Ji Deng Zhu |
| 210 | @a北京@c宇航出版社@d2003 | |
| 215 | @a526页@d29cm | |
| 300 | @a现代项目管理能力水平认证(PM&MP)指定教材 | |
| 606 | 0 | @a项目管理@x教材 |
| 690 | @aF224.5@v4 | |
| 701 | 0 | @a许成绩@4著 |
| 801 | @aCN@bTSTCL@c20040203 | |
| 905 | @b333691-695@dF224.5@e132@f5 | |
| 现代项目管理教程/许成绩等著.-北京:宇航出版社,2003 |
| 526页;29cm |
| 现代项目管理能力水平认证(PM&MP)指定教材 |
| ISBN 7-80144-580-5:CNY72.00 |
| ● |
| 相关链接 |
|
|
|
|
正题名:现代项目管理教程
索取号:F224.5/132
 
预约/预借
| 序号 | 登录号 | 条形码 | 馆藏地/架位号 | 状态 | 备注 |
| 1 | 0333691 | 203336915 | 第一借阅区/ [索取号:F224.5/132] | 在馆 | |
| 2 | 0333692 | 203336924 | 第一借阅区/ [索取号:F224.5/132] | 在馆 | |
| 3 | 0333693 | 203336933 | 第一借阅区/ [索取号:F224.5/132] | 在馆 | |
| 4 | 0333694 | 203336942 | 第一借阅区/ [索取号:F224.5/132] | 在馆 | |
| 5 | 0333695 | 203336951 | 第一样本阅览室/ [索取号:F224.5/132] | 在馆 |